Tổng tập văn học Việt Nam; T21 Thơ văn khuynh hướng Duy Tân

Saved in:
Bibliographic Details
Format: Book
Language:Undetermined
Published: Hà Nội KHXH 1996
Subjects:
Tags: Add Tag
No Tags, Be the first to tag this record!
Institutions: Trung tâm Học liệu Trường Đại học Cần Thơ
LEADER 00458nam a2200157Ia 4500
001 CTU_17019
008 210402s9999 xx 000 0 und d
082 |a 895.922 
082 |b T455/T21 
245 0 |a Tổng tập văn học Việt Nam; T21 
245 0 |b Thơ văn khuynh hướng Duy Tân 
260 |a Hà Nội 
260 |b KHXH 
260 |c 1996 
650 |a vietnamese poetry 
980 |a Trung tâm Học liệu Trường Đại học Cần Thơ